000 00334nam a2200133Ia 4500
008 240624s9999 xx 000 0 und d
041 _aeng
082 _a793.73 STI
100 _aSTICKELS TERRY
245 _aMESMERIZING MIND BENDING PUZZLES
260 _c1999
_aDelhi
_bOrient Paperbacks
300 _a94 : p. : cm. ; 18
365 _cRS
999 _c3594
_d3594